Contabilidad de gestin̤ para el sector portuario, mart̕imo y fluvial

Detalles Bibliográficos
Autor principal: Tapia Echavez, Diomedes E.
Otros Autores: Solar Ramr̕ez, Celmira Rosa, Barrientos Přez, Enoc
Formato: eBook
Lenguaje:español
Publicado: Bogot:̀ ECOE, 2014
Materias:
Acceso en línea:Acceso restringido

MARC

LEADER 00000nam a22000007a 4500
005 20220216220311.0
007 cr|||| ||||
008 220216s2014 co |||||s|||| 00||0 spa d
020 |a 978-958-771-107-3 
035 |a 35837 
040 |a vLex 
090 |c 13007  |d 13007 
100 1 |a Tapia Echavez, Diomedes E. 
245 1 0 |a Contabilidad de gestin̤ para el sector portuario, mart̕imo y fluvial  |h [Recurso electrn̤ico] /  |c Diomedes E. Tapia Echavez, Celmira Rosa Solar Ramr̕ez, Enoc Barrientos Přez 
256 |a Servicio en ln̕ea 
260 |a Bogot:̀  |b ECOE,  |c 2014 
300 |a 1 recurso electrn̤ico 
506 1 |a Disponible solo en los productos indicados  |d vLex Global  |d vLex Global (Academic Edition, excluding Law Schools)  |d vLex Global (U.S. Academic Edition, Law Schools)  |d vLex Global (U.S. Academic Edition, excluding Law Schools)  |d vLex Global (Academic Edition, Law Schools) 
650 0 4 |a Contabilidad  |z Colombia 
700 1 |a Solar Ramr̕ez, Celmira Rosa 
700 1 |a Barrientos Přez, Enoc 
740 0 |a vLex Libros (Servicio en ln̕ea) 
856 4 0 |u https://app.vlex.com/#/sources/35837  |z Acceso restringido 
942 |c BOOK 
999 0 |a Accounting